<?xml version="1.0" encoding="UTF-8"?>
<record
    xmlns:xsi="http://www.w3.org/2001/XMLSchema-instance"
    xsi:schemaLocation="http://www.loc.gov/MARC21/slim http://www.loc.gov/standards/marcxml/schema/MARC21slim.xsd"
    xmlns="http://www.loc.gov/MARC21/slim">

  <leader>01236nam a22001937a 4500</leader>
  <datafield tag="999" ind1=" " ind2=" ">
    <subfield code="c">62047</subfield>
    <subfield code="d">62047</subfield>
  </datafield>
  <controlfield tag="003">Ge_BSU</controlfield>
  <controlfield tag="005">20240627110746.0</controlfield>
  <controlfield tag="008">240627s1953    ge ||||| |||| 00| 0 geo d</controlfield>
  <datafield tag="041" ind1=" " ind2=" ">
    <subfield code="a">geo</subfield>
  </datafield>
  <datafield tag="080" ind1=" " ind2=" ">
    <subfield code="a">616.15-07 &#x10DB;-18</subfield>
  </datafield>
  <datafield tag="100" ind1=" " ind2=" ">
    <subfield code="a">&#x10DB;&#x10D0;&#x10D9;&#x10D0;&#x10DA;&#x10D0;&#x10D7;&#x10D8;&#x10D0;, &#x10EA;.</subfield>
    <subfield code="9">22606</subfield>
  </datafield>
  <datafield tag="245" ind1=" " ind2=" ">
    <subfield code="a">&#x10E1;&#x10D8;&#x10E1;&#x10EE;&#x10DA;&#x10D8;&#x10E1; &#x10D3;&#x10D0; &#x10E1;&#x10D8;&#x10E1;&#x10EE;&#x10DA;&#x10EC;&#x10D0;&#x10E0;&#x10DB;&#x10DD;&#x10DB;&#x10E5;&#x10DB;&#x10DC;&#x10D4;&#x10DA;&#x10D8; &#x10DD;&#x10E0;&#x10D2;&#x10D0;&#x10DC;&#x10DD;&#x10D4;&#x10D1;&#x10D8;&#x10E1; &#x10DE;&#x10E3;&#x10DC;&#x10E5;&#x10E2;&#x10D0;&#x10E2;&#x10D8;&#x10E1; &#x10DA;&#x10D0;&#x10D1;&#x10DD;&#x10E0;&#x10D0;&#x10E2;&#x10DD;&#x10E0;&#x10D8;&#x10E3;&#x10DA;&#x10D8; &#x10D2;&#x10D0;&#x10DB;&#x10DD;&#x10D9;&#x10D5;&#x10DA;&#x10D4;&#x10D5;&#x10D0; /</subfield>
    <subfield code="c">&#x10EA;. &#x10DB;&#x10D0;&#x10D9;&#x10D0;&#x10DA;&#x10D0;&#x10D7;&#x10D8;&#x10D0;.; &#x10E0;&#x10D4;&#x10D3;. &#x10D5;. &#x10D9;&#x10D8;&#x10D9;&#x10DC;&#x10D0;&#x10EB;&#x10D4;;  &#x10E1;&#x10D0;&#x10E5;. &#x10E1;&#x10E1;&#x10E0; &#x10DB;&#x10D4;&#x10EA;&#x10DC;. &#x10D0;&#x10D9;&#x10D0;&#x10D3;&#x10D4;&#x10DB;&#x10D8;&#x10D0;.</subfield>
  </datafield>
  <datafield tag="264" ind1=" " ind2=" ">
    <subfield code="a">&#x10D7;&#x10D1;&#x10D8;&#x10DA;&#x10D8;&#x10E1;&#x10D8; : </subfield>
    <subfield code="b">&#x10E1;&#x10D0;&#x10E5;. &#x10E1;&#x10E1;&#x10E0; &#x10DB;&#x10D4;&#x10EA;&#x10DC;. &#x10D0;&#x10D9;&#x10D0;&#x10D3;. &#x10D2;&#x10D0;&#x10DB;-&#x10D1;&#x10D0; &#x10D3;&#x10D0; &#x10E1;&#x10E2;., </subfield>
    <subfield code="c">1953.</subfield>
  </datafield>
  <datafield tag="300" ind1=" " ind2=" ">
    <subfield code="a">118 &#x10D2;&#x10D5;. : </subfield>
    <subfield code="b">&#x10D8;&#x10DA;. 3 &#x10E4;&#x10E3;&#x10E0;&#x10EA;. &#x10E2;&#x10D0;&#x10D1;&#x10E3;&#x10DA;. ; </subfield>
    <subfield code="c">23 &#x10E1;&#x10DB;.</subfield>
  </datafield>
  <datafield tag="653" ind1=" " ind2=" ">
    <subfield code="a">&#x10E1;&#x10D8;&#x10E1;&#x10EE;&#x10DA;&#x10D8;&#x10E1; &#x10DA;&#x10D0;&#x10D1;&#x10DD;&#x10E0;&#x10D0;&#x10E2;&#x10DD;&#x10E0;&#x10D8;&#x10E3;&#x10DA;&#x10D8; &#x10D2;&#x10D0;&#x10DB;&#x10DD;&#x10D9;&#x10D5;&#x10DA;&#x10D4;&#x10D5;&#x10D0;</subfield>
  </datafield>
  <datafield tag="653" ind1=" " ind2=" ">
    <subfield code="a">&#x10E1;&#x10D8;&#x10E1;&#x10EE;&#x10DA;&#x10EC;&#x10D0;&#x10E0;&#x10DB;&#x10DD;&#x10DB;&#x10E5;&#x10DB;&#x10DC;&#x10D4;&#x10DA;&#x10D8; &#x10DD;&#x10E0;&#x10D2;&#x10D0;&#x10DC;&#x10DD;&#x10D4;&#x10D1;&#x10D8;&#x10E1; &#x10DA;&#x10D0;&#x10D1;&#x10DD;&#x10E0;&#x10D0;&#x10E2;&#x10DD;&#x10E0;&#x10D8;&#x10E3;&#x10DA;&#x10D8; &#x10D2;&#x10D0;&#x10DB;&#x10DD;&#x10D9;&#x10D5;&#x10DA;&#x10D4;&#x10D5;&#x10D0;</subfield>
  </datafield>
  <datafield tag="700" ind1=" " ind2=" ">
    <subfield code="a">&#x10D9;&#x10D8;&#x10D9;&#x10DC;&#x10D0;&#x10EB;&#x10D4;, &#x10D5;. </subfield>
    <subfield code="e">&#x10E0;&#x10D4;&#x10D3;&#x10D0;&#x10E5;&#x10E2;&#x10DD;&#x10E0;&#x10D8;</subfield>
    <subfield code="9">22607</subfield>
  </datafield>
  <datafield tag="942" ind1=" " ind2=" ">
    <subfield code="2">udc</subfield>
    <subfield code="c">BK</subfield>
  </datafield>
  <datafield tag="952" ind1=" " ind2=" ">
    <subfield code="0">0</subfield>
    <subfield code="1">0</subfield>
    <subfield code="2">udc</subfield>
    <subfield code="4">0</subfield>
    <subfield code="6">6161507_&#x10DB;18</subfield>
    <subfield code="7">0</subfield>
    <subfield code="9">99415</subfield>
    <subfield code="a">CPL</subfield>
    <subfield code="b">CPL</subfield>
    <subfield code="c">GEN</subfield>
    <subfield code="d">2024-06-27</subfield>
    <subfield code="g">1.40</subfield>
    <subfield code="o">616.15-07 &#x10DB;-18</subfield>
    <subfield code="p">68359</subfield>
    <subfield code="r">2024-06-27</subfield>
    <subfield code="t">68359</subfield>
    <subfield code="w">2024-06-27</subfield>
    <subfield code="y">BK</subfield>
    <subfield code="z">1 &#x10DA;. 40 &#x10D7;.</subfield>
  </datafield>
  <datafield tag="952" ind1=" " ind2=" ">
    <subfield code="0">0</subfield>
    <subfield code="1">0</subfield>
    <subfield code="2">udc</subfield>
    <subfield code="4">0</subfield>
    <subfield code="6">6161507_&#x10DB;18</subfield>
    <subfield code="7">0</subfield>
    <subfield code="9">99416</subfield>
    <subfield code="a">CPL</subfield>
    <subfield code="b">CPL</subfield>
    <subfield code="c">GEN</subfield>
    <subfield code="d">2024-06-27</subfield>
    <subfield code="g">1.40</subfield>
    <subfield code="o">616.15-07 &#x10DB;-18</subfield>
    <subfield code="p">68360</subfield>
    <subfield code="r">2024-06-27</subfield>
    <subfield code="t">68360</subfield>
    <subfield code="w">2024-06-27</subfield>
    <subfield code="y">BK</subfield>
    <subfield code="z">1 &#x10DA;. 40 &#x10D7;.</subfield>
  </datafield>
</record>
